[Event "GER-ch Net Amateur Gr-B Vor1"]
[Site "Playchess.com INT"]
[Date "2020.04.14"]
[Round "5"]
[White "Goetz, Jan Erik"]
[Black "Iosif, Daniela"]
[Result "1-0"]
[WhiteElo "1468"]
[BlackElo "1832"]
[PlyCount "41"]
[EventDate "2020.04.14"]
[EventType "swiss (blitz)"]
[EventRounds "9"]
[EventCountry "GER"]
[SourceTitle "EXT 2021"]
[Source "ChessBase"]
[SourceDate "2020.10.23"]
[SourceVersion "1"]
[SourceVersionDate "2020.10.23"]
[SourceQuality "1"]

1. e4 e6 2. d4 d5 3. Nc3 dxe4 4. Nxe4 Nf6 5. Nxf6+ Qxf6 6. Nf3 h6 7. c3 b6 8. Ne5 Bb7 9. Bb5+ c6 10. Bd3 Bd6 11. f4 0-0 12. 0-0 c5 13. Qh5 cxd4 14. Ng4 Qe7 15. f5 dxc3 16. f6 Bc5+ 17. Kh1 Bxg2+ 18. Kxg2 Qb7+ 19. Rf3 g6 20. Qxh6 cxb2 21. Qg7# 1-0

[Event "Pfalz op-B 11th"]
[Site "Neustadt an der Weinstrasse"]
[Date "2020.02.24"]
[Round "6"]
[White "Goetz, Jan Erik"]
[Black "Stoeckl, Maximilian"]
[Result "1-0"]
[WhiteElo "1826"]
[BlackElo "1720"]
[PlyCount "53"]
[EventDate "2020.02.21"]
[EventType "swiss"]
[EventRounds "7"]
[EventCountry "GER"]
[SourceTitle "CBM 195 Extra"]
[Source "ChessBase"]
[SourceDate "2020.05.31"]
[SourceVersion "1"]
[SourceVersionDate "2020.05.31"]
[SourceQuality "1"]

1. d4 Nf6 2. Bg5 d5 3. c4 e6 4. Nc3 Be7 5. cxd5 exd5 6. e3 c6 7. Bd3 0-0 8. Qc2 Nbd7 9. Nge2 Re8 10. h3 Nf8 11. g4 Ng6 12. 0-0-0 b5 13. Kb1 Bd7 14. Ng3 b4 15. Na4 Ne4 16. Bxe7 Qxe7 17. Bxe4 dxe4 18. Nc5 Be6 19. Qxe4 Qf6 20. Qc2 Rab8 21. Nxe6 Qxe6 22. Qf5 Qe7 23. Rc1 Rb5 24. Qd3 Qf6 25. Nf5 Ne7 26. Nxe7+ Rxe7 27. Qxb5 1-0

[Event "Staufer op 32nd"]
[Site "Schwaebisch Gmuend"]
[Date "2020.01.05"]
[Round "8"]
[White "Goetz, Jan Erik"]
[Black "Speck, Stefan"]
[Result "1/2-1/2"]
[WhiteElo "1810"]
[BlackElo "1959"]
[PlyCount "144"]
[EventDate "2020.01.02"]
[EventType "swiss"]
[EventRounds "9"]
[EventCountry "GER"]
[SourceTitle "EXT 2021"]
[Source "ChessBase"]
[SourceDate "2020.10.23"]
[SourceVersion "1"]
[SourceVersionDate "2020.10.23"]
[SourceQuality "1"]

1. d4 d5 2. c4 c6 3. cxd5 cxd5 4. Nf3 Nf6 5. Nc3 Nc6 6. Bf4 e6 7. Rc1 a6 8. e3 Be7 9. Bd3 0-0 10. 0-0 Nh5 11. Bg3 Nxg3 12. hxg3 f5 13. Ne2 Bd6 14. Bc2 Bd7 15. Nf4 Qf6 16. Nd3 g5 17. Qd2 g4 18. Nfe1 Qh6 19. Ba4 b5 20. Bd1 Nxd4 21. Qc3 Nc6 22. Nc5 b4 23. Qd2 Bxc5 24. Rxc5 Rfc8 25. Ba4 Ne5 26. Rxc8+ Rxc8 27. Bxd7 Nxd7 28. Qxb4 Qf8 29. Qxf8+ Kxf8 30. Nd3 Rc2 31. Rb1 Nc5 32. Nxc5 Rxc5 33. b4 Rc2 34. a4 Ke7 35. b5 axb5 36. axb5 Kd7 37. b6 Kc8 38. b7+ Kb8 39. Rb6 Rc1+ 40. Kh2 Rf1 41. Rxe6 Rxf2 42. Kg1 Rd2 43. Re5 Kxb7 44. Rxf5 Kc6 45. Kf1 Kd6 46. Rg5 d4 47. Rxg4 dxe3 48. Re4 Rd1+ 49. Ke2 Rd2+ 50. Kf1 Rd1+ 51. Ke2 Rd2+ 52. Kf3 Rf2+ 53. Kxe3 Rxg2 54. Kf4 Rh2 55. Kf5 Rh5+ 56. Kg4 Rh6 57. Re3 Rg6+ 58. Kh5 Kd7 59. g4 Kd8 60. g5 Kd7 61. Ra3 Ke8 62. Ra7 Kf8 63. Rxh7 Rb6 64. Rh6 Rb5 65. Ra6 Kg7 66. Ra7+ Kg8 67. Kh6 Rb6+ 68. g6 Rb8 69. Rg7+ Kh8 70. Rh7+ Kg8 71. Rc7 Ra8 72. Rg7+ Kh8 1/2-1/2

[Event "Korbach op 9th"]
[Site "Korbach"]
[Date "2017.10.20"]
[Round "2"]
[White "Goetz, Jan Erik"]
[Black "Naujocks, Christian"]
[Result "1-0"]
[WhiteElo "1890"]
[BlackElo "1654"]
[PlyCount "51"]
[EventDate "2017.10.19"]
[EventType "swiss"]
[EventRounds "7"]
[EventCountry "GER"]
[SourceTitle "CBM 181 Extra"]
[Source "ChessBase"]
[SourceDate "2017.12.12"]
[SourceVersion "1"]
[SourceVersionDate "2017.12.12"]
[SourceQuality "1"]

1. d4 d5 2. c4 e6 3. Nc3 Nf6 4. Bg5 Be7 5. e3 0-0 6. cxd5 exd5 7. Bd3 h6 8. Bh4 Be6 9. Nge2 Nbd7 10. Qc2 Nb6 11. Nf4 Rc8 12. 0-0 c5 13. dxc5 Rxc5 14. Qb3 a6 15. Rfd1 Qc7 16. Be2 g5 17. Nxe6 fxe6 18. Bg3 Bd6 19. Bxd6 Qxd6 20. Rd2 Qc7 21. Rad1 Nbd7 22. e4 Nxe4 23. Nxe4 dxe4 24. Qxe6+ Kh8 25. Rxd7 Rc6 26. Qxe4 1-0

[Event "Rhein Main op-A 19th"]
[Site "Bad Homburg"]
[Date "2016.05.28"]
[Round "6"]
[White "Zimmer, Gerald"]
[Black "Goetz, Jan Erik"]
[Result "1/2-1/2"]
[WhiteElo "1938"]
[BlackElo "1863"]
[PlyCount "115"]
[EventDate "2016.05.25"]
[EventType "swiss"]
[EventRounds "7"]
[EventCountry "GER"]
[SourceTitle "EXT 2017"]
[Source "ChessBase"]
[SourceDate "2016.10.25"]
[SourceVersion "1"]
[SourceVersionDate "2016.10.25"]
[SourceQuality "1"]

1. d4 d5 2. c4 e6 3. Nc3 c6 4. Nf3 dxc4 5. a4 Bb4 6. g3 Nf6 7. Bg2 Nbd7 8. 0-0 a5 9. Qc2 Nb6 10. Rd1 0-0 11. Ne5 Nfd7 12. Ng4 Nd5 13. Na2 N7b6 14. Ne5 c5 15. e4 cxd4 16. Nxc4 Nxc4 17. Qxc4 Nb6 18. Qxd4 Qxd4 19. Rxd4 e5 20. Rd3 Nxa4 21. Nxb4 axb4 22. Rd6 Be6 23. Bf1 Nc5 24. Rxa8 Rxa8 25. f3 h6 26. Be3 Nb3 27. Rb6 Ra1 28. Kf2 Rb1 29. Rxb4 Rxb2+ 30. Be2 b5 31. Ke1 Bc4 32. Bxc4 bxc4 33. Rxc4 Rxh2 34. Rb4 Na5 35. Ra4 Nc6 36. Rc4 Ne7 37. Rc7 Ng6 38. Rc8+ Kh7 39. Rc7 f6 40. Kf1 Nf8 41. Re7 Kg6 42. Bf2 Kh7 43. Kg1 Rh5 44. Be3 Ng6 45. Re8 f5 46. Bb6 fxe4 47. fxe4 Rg5 48. Kf2 Nh8 49. Rf8 Rg6 50. Bd8 Re6 51. Kf3 g5 52. Bf6 Ng6 53. Rf7+ Kg8 54. Rg7+ Kf8 55. Rxg6 Kf7 56. Rxh6 Rxf6+ 57. Rxf6+ Kxf6 58. g4 1/2-1/2

[Event "Hessenliga 1516"]
[Site "Germany"]
[Date "2016.04.24"]
[Round "9.7"]
[White "Goetz, Jan Erik"]
[Black "Voellinger, Florian"]
[Result "1/2-1/2"]
[WhiteElo "1906"]
[BlackElo "1803"]
[PlyCount "51"]
[EventDate "2015.09.27"]
[EventType "team-tourn"]
[EventRounds "9"]
[EventCountry "GER"]
[SourceTitle "EXT 2018"]
[Source "ChessBase"]
[SourceDate "2017.10.13"]
[SourceVersion "1"]
[SourceVersionDate "2017.10.13"]
[SourceQuality "1"]
[WhiteTeam "Bad Homburg"]
[BlackTeam "Dettingen"]
[WhiteTeamCountry "GER"]
[BlackTeamCountry "GER"]

1. d4 d5 2. c4 e6 3. Nc3 Be7 4. Qc2 Nf6 5. cxd5 exd5 6. Bg5 Nbd7 7. e3 c6 8. Bd3 0-0 9. Nge2 Re8 10. h3 Nf8 11. g4 Bd7 12. 0-0-0 b5 13. Kb1 Ne4 14. Bxe7 Nxc3+ 15. Nxc3 Qxe7 16. Bf5 Rec8 17. e4 b4 18. Na4 dxe4 19. Bxe4 Be6 20. Qd3 Qd6 21. Nc5 Bd5 22. f3 a5 23. h4 Re8 24. g5 Bxe4 25. fxe4 Ne6 26. Nxe6 1/2-1/2

[Event "Karl Mala Memorial op-A 16th"]
[Site "Frankfurt"]
[Date "2013.07.12"]
[Round "3"]
[White "Stoica, Vlad"]
[Black "Goetz, Jan Erik"]
[Result "1/2-1/2"]
[WhiteElo "1865"]
[BlackElo "1677"]
[PlyCount "120"]
[EventDate "2013.07.11"]
[EventType "swiss"]
[EventRounds "7"]
[EventCountry "GER"]
[SourceTitle "EXT 2014"]
[Source "ChessBase"]
[SourceDate "2013.11.20"]
[SourceVersion "1"]
[SourceVersionDate "2013.11.20"]
[SourceQuality "1"]

1. e4 c6 2. Nf3 d5 3. Nc3 d4 4. Ne2 c5 5. d3 Nc6 6. Bf4 Nf6 7. h3 e6 8. g4 Be7 9. Bg2 0-0 10. Ng3 Nd7 11. e5 Qc7 12. Qe2 b5 13. 0-0 Ba6 14. a3 c4 15. b4 c3 16. Qe4 Bb7 17. Nxd4 Nxd4 18. Qxd4 Bxg2 19. Kxg2 g5 20. Be3 Nxe5 21. Ne4 Rfd8 22. Qxc3 Qxc3 23. Nxc3 a6 24. Ne4 h6 25. Rac1 Rac8 26. f4 f5 27. gxf5 exf5 28. Ng3 Ng6 29. Nxf5 gxf4 30. Nxe7+ Nxe7 31. Bxf4 Kh7 32. Be3 Nd5 33. Bd2 Rc6 34. Kf3 Rdc8 35. c4 bxc4 36. dxc4 Rxc4 37. Rxc4 Rxc4 38. Rc1 Rd4 39. Ke2 Rh4 40. Rc5 Nf6 41. Rc6 Ne4 42. Rxa6 Rxh3 43. Be3 h5 44. b5 Nc3+ 45. Kd2 Nxb5 46. a4 Na3 47. Kd3 Nc2 48. Re6 Nb4+ 49. Kc4 Rh4+ 50. Kb5 Nd5 51. Ka5 Nc3 52. Bg5 Rxa4+ 53. Kb6 Nd5+ 54. Kc6 Ra5 55. Rh6+ Kg8 56. Rxh5 Nf6 57. Rh6 Ng4 58. Rh1 Rxg5 59. Kd6 Kf7 60. Rf1+ Kg6 1/2-1/2